00305nam a2200109Ia 4500008004100000041000800041082000800049100001500057245004300072250001100115260006900126231129s2011 xx 000 0 und d aeng a658 aAzar Kazmi aStrategic Management & Business Policy a3rd ed aTata Mc Graw- Hill New DelhibTata Mc Graw- Hill New Delhic2011